| 000 | 00483nam a2200181Ia 4500 | ||
|---|---|---|---|
| 008 | 240925s9999 xx 000 0 und d | ||
| 020 | _a1562053566 | ||
| 082 | _a006.6 BOU | ||
| 100 | _aBouton ,Gray David | ||
| 245 | 0 | _aAdobe Photoshop 3 | |
| 250 | _aNA | ||
| 260 |
_aIndianapolis: _bNew Riders _c,1995. |
||
| 300 |
_axxii,449p. _bNA _fOriginal |
||
| 500 | _aIncludes Index | ||
| 600 | _aComputer Science | ||
| 650 | _aComputer science, information & general works | ||
| 942 | _cBK | ||
| 999 |
_c5015 _d5015 |
||